สมุดปกขาว การสังหารหมู่ที่กรุงเทพฯ : ข้อเรียกร้องต่อการแสดงความรับผิดชอบภายใต้พันธกรณีระหว่างประเทศที่ประเทศไทยมีภาระหน้าที่ในการนำตัวฆาตกรเข้าสู่กระบวนการยุติธรรม (ระเบียนเลขที่ 61479)
| 000 -LEADER | |
|---|---|
| fixed length control field | 01401nam a22002297a 4500 |
| 005 - DATE AND TIME OF LATEST TRANSACTION | |
| control field | 20251125233055.0 |
| 008 - FIXED-LENGTH DATA ELEMENTS--GENERAL INFORMATION | |
| fixed length control field | s2553 th tha d |
| 020 ## - INTERNATIONAL STANDARD BOOK NUMBER | |
| International Standard Book Number | 9789742259129 |
| 040 ## - CATALOGING SOURCE | |
| Original cataloging agency | NALT |
| 041 ## - LANGUAGE CODE | |
| Language code of text/sound track or separate title | tha |
| 050 ## - LIBRARY OF CONGRESS CALL NUMBER | |
| Classification number | JQ 1745.A1 ก118ส 2553 |
| 245 10 - TITLE STATEMENT | |
| Title | สมุดปกขาว การสังหารหมู่ที่กรุงเทพฯ : ข้อเรียกร้องต่อการแสดงความรับผิดชอบภายใต้พันธกรณีระหว่างประเทศที่ประเทศไทยมีภาระหน้าที่ในการนำตัวฆาตกรเข้าสู่กระบวนการยุติธรรม |
| 260 3# - PUBLICATION, DISTRIBUTION, ETC. | |
| Place of publication, distribution, etc. | กรุงเทพฯ : |
| Name of publisher, distributor, etc. | ม.ป.พ., |
| Date of publication, distribution, etc. | 2553 |
| 300 ## - PHYSICAL DESCRIPTION | |
| Extent | 157 หน้า : |
| Other physical details | ภาพประกอบ ; |
| Dimensions | 24 ซม. |
| 610 ## - SUBJECT ADDED ENTRY--CORPORATE NAME | |
| Corporate name or jurisdiction name as entry element | สำนักงานกฎหมายอัมสเตอร์ดัม แอนด์ เปรอฟ |
| 650 04 - SUBJECT ADDED ENTRY--TOPICAL TERM | |
| Topical term or geographic name entry element | การชุมนุมทางการเมือง -- ไทย |
| 650 04 - SUBJECT ADDED ENTRY--TOPICAL TERM | |
| Topical term or geographic name entry element | ไทย -- การเมืองและการปกครอง -- 2549--2553 |
| 850 ## - HOLDING INSTITUTION | |
| Holding institution | NALT |
| 856 40 - ELECTRONIC LOCATION AND ACCESS | |
| Uniform Resource Identifier | <a href="https://hdl.handle.net/20.500.14156/338066">https://hdl.handle.net/20.500.14156/338066</a> |
| -- | 1 |
| 942 ## - ADDED ENTRY ELEMENTS (KOHA) | |
| Koha item type | General Book |
| Source of classification or shelving scheme | Library of Congress Classification |
| Withdrawn status | Lost status | Damaged status | Not for loan | Collection code | Home library | Current library | Source of acquisition | Cost, normal purchase price | Total Checkouts | Full call number | Barcode | Date last seen | Copy number | Cost, replacement price | Price effective from | Koha item type |
|---|---|---|---|---|---|---|---|---|---|---|---|---|---|---|---|---|
| General Book collection | National Assembly Library of Thailand | National Assembly Library of Thailand | จัดซื้อทรัพยากร | 100.00 | JQ 1745.A1 ก118ส 2553 | 3961182691 | 09/06/2017 | ฉ. 2 | 150.00 | 09/06/2017 | General Book | |||||
| General Book collection | National Assembly Library of Thailand | National Assembly Library of Thailand | จัดซื้อทรัพยากร | 100.00 | JQ 1745.A1 ก118ส 2553 | 3961182690 | 09/06/2017 | ฉ. 3 | 150.00 | 09/06/2017 | General Book | |||||
| General Book collection | National Assembly Library of Thailand | National Assembly Library of Thailand | จัดซื้อทรัพยากร | 100.00 | JQ 1745.A1 ก118ส 2553 | 3961181958 | 09/06/2017 | 150.00 | 09/06/2017 | General Book |
